000 00251nam a22001217a 4500
008 181023b xxu||||| |||| 00| 0 eng d
041 _aeng
080 _a004
100 _a37
101 _aSHK
245 _aWord 2013
_cRutkosky.T
942 _2udc
_cBK
999 _c50609
_d50609